Alles ums Attribut : Uebungsbuch fuer Deutsch als Fremdsprache

Αποθηκεύτηκε σε:
Λεπτομέρειες βιβλιογραφικής εγγραφής
Κύριος συγγραφέας: Ferenbach, Magda
Άλλοι συγγραφείς: Noonan, Barbara
Μορφή: Βιβλίο
Γλώσσα:German
Δημοσίευση: Munchen : Klett Edition Deutsch, c1987
Θέματα:
Ετικέτες: Προσθήκη ετικέτας
Δεν υπάρχουν, Καταχωρήστε ετικέτα πρώτοι!

MARC

LEADER 00000nam a2200000 i 4500
001 1/8973
008 000731s1987 ger d
020 |a 3-12-554490-4 
035 |l 10062879 
040 |a GR-MY-UA  |b gre  |e aacr 
041 0 |a ger 
082 0 |a 438.7 
100 1 |a Ferenbach, Magda. 
245 1 0 |a Alles ums Attribut :  |b Uebungsbuch fuer Deutsch als Fremdsprache /  |c von Magda Ferenbach und Barbara Noonan 
260 |a Munchen :   |b Klett Edition Deutsch,   |c c1987 
300 |a 92 p.;  |c 20 cm 
650 0 0 |a German language  |x Usage. 
650 0 0 |a German language  |x Study and teaching. 
700 1 |a Noonan, Barbara. 
852 |a INST  |b RHODES  |e 20000731  |h 438.7 FER  |p 005400007906  |q 005400007906  |t BK  |y 0 
909 |a Ρ  |b 018998 
970 |z 2000/08/ΧΡΥΣΑΝΘΗ